Construint xarxes des dels serveis de benestar social : 12a Escola d'Estiu de Serveis Socials : del 30 de juny al 4 de juliol de 2003 12a Escola d'Estiu de Serveis Socials :
Descripción Física:
65 p. ; 17 x 24 cm
MARC
| LEADER | 00000nam a2200000Ia 4500 | ||
|---|---|---|---|
| 001 | 15326 | ||
| 003 | BGR | ||
| 005 | 20260324175413.0 | ||
| 008 | 160829s2003 xx 000 0 cat d | ||
| 080 | |a S-1-186 | ||
| 111 | |a Escola d'Estiu de Serveis Socials |9 70778 |c (Barcelona : |d 2003) | ||
| 245 | |a Construint xarxes des dels serveis de benestar social : |b 12a Escola d'Estiu de Serveis Socials : |b del 30 de juny al 4 de juliol de 2003 | ||
| 260 | |a Barcelona : |b Diputació de Barcelona, Àrea de Benestar Social, |c 2003 | ||
| 300 | |a 65 p. ; |c 17 x 24 cm | ||
| 650 | 0 | |a Benestar social |9 31956 | |
| 650 | |a Cursos d'estiu |9 20527 | ||
| 710 | 1 | |a Barcelona (Catalunya : Província). |b Àrea de Benestar Social |9 52988 | |
| 901 | |a Arxiu | ||
| 942 | |n 1 |2 udc |c MON | ||
| 952 | |0 0 |1 0 |4 0 |6 S1186 |7 1 |9 45816 |a Arxiu |b Arxiu |d 2016-12-01 |l 0 |o S-1-186 |p 15326 |r 2016-12-01 00:00:00 |w 2016-12-01 |y ARXIU | ||
| 999 | |c 49316 |d 49316 | ||